|
|
|
|
| LEADER |
00616cam a2200133 7i4500 |
| 001 |
0000020696 |
| 005 |
20080227090000.0 |
| 090 |
0 |
0 |
|a T 382.7
|b HAR[USA]
|
| 245 |
0 |
0 |
|a Harmonized tariff schedule of the United States :
|b [2008] :
|b [2008] :
|b Annotated for Statistical Reporting Purposes :
|b [2008] :
|b Annotated for Statistical Reporting Purposes :
|b chapter 92 to cahpter 99.
|
| 260 |
0 |
0 |
|a Washington D.C:
|b United States International Trade Commission,
|c 2008.
|
| 300 |
# |
# |
|a [v.p].
|
| 650 |
0 |
0 |
|a Tariff --
|z United States of America
|
| 651 |
0 |
0 |
|a United States of America
|
| 999 |
|
|
|a 0000021968
|b Book
|c Tariffs
|e Business Information Centre
|